[Event "Banja Luka Challenge 4"]
[Site "Banja Luka"]
[Date "2020.07.01"]
[Round "2"]
[White "Ninkovic, Marko"]
[Black "Galic, Radenko"]
[Result "0-1"]
[WhiteElo "1870"]
[BlackElo "1928"]
[PlyCount "54"]
[EventDate "2020.07.01"]
[EventType "tourn"]
[EventRounds "6"]
[EventCountry "BIH"]
[SourceTitle "CBM 197 Extra"]
[Source "ChessBase"]
[SourceDate "2020.09.30"]
[SourceVersion "1"]
[SourceVersionDate "2020.09.30"]
[SourceQuality "1"]

1. e4 d6 2. d4 Nf6 3. Nc3 g6 4. Bf4 Bg7 5. Qd2 0-0 6. 0-0-0 c6 7. Bh6 b5 8. Bxg7 Kxg7 9. Bd3 b4 10. Nce2 Qa5 11. Kb1 Be6 12. b3 Qb6 13. f4 a5 14. f5 Bc8 15. Nf3 a4 16. Nf4 Ba6 17. fxg6 hxg6 18. h4 Bxd3 19. Qxd3 axb3 20. cxb3 Qa5 21. Qd2 Nxe4 22. Qc2 Nc3+ 23. Kc1 e5 24. dxe5 dxe5 25. Nh5+ gxh5 26. Ng5 Qa3+ 27. Kd2 Qxa2 0-1

[Event "Banja Luka Challenge 1"]
[Site "Banja Luka"]
[Date "2019.10.06"]
[Round "8.4"]
[White "Galic, Radenko"]
[Black "Ninkovic, Marko"]
[Result "1-0"]
[WhiteElo "1980"]
[BlackElo "1692"]
[PlyCount "79"]
[EventDate "2019.10.03"]
[EventType "schev"]
[EventRounds "8"]
[EventCountry "BIH"]
[SourceTitle "EXT 2020"]
[Source "ChessBase"]
[SourceDate "2019.10.17"]
[SourceVersion "1"]
[SourceVersionDate "2019.10.17"]
[SourceQuality "1"]
[WhiteTeam "Seniors"]
[BlackTeam "Kadeti"]
[WhiteTeamCountry "BIH"]
[BlackTeamCountry "BIH"]

1. e4 c5 2. Nc3 e6 3. g3 d5 4. f4 Nc6 5. exd5 exd5 6. Bg2 Nf6 7. Nf3 d4 8. Ne2 Be7 9. d3 0-0 10. h3 Be6 11. c4 Qd7 12. Ne5 Qc7 13. Nxc6 bxc6 14. g4 g6 15. Ng3 Bd6 16. Qf3 Bd7 17. Bd2 Rab8 18. 0-0-0 Qb6 19. b3 a5 20. g5 Ne8 21. Kc2 a4 22. Rb1 Qa6 23. h4 Ng7 24. Bh3 Bxh3 25. Rxh3 axb3+ 26. axb3 Rb7 27. h5 Rfb8 28. Kd1 Rxb3 29. Rxb3 Rxb3 30. hxg6 fxg6 31. Ne4 Be7 32. Nf6+ Bxf6 33. gxf6 Nf5 34. f7+ Kg7 35. Qe4 Qa1+ 36. Ke2 Kxf7 37. Rxh7+ Kg8 38. Rh3 Qa8 39. Qe6+ Kg7 40. Qe5+ 1-0

[Event "Banja Luka Challenge 1"]
[Site "Banja Luka"]
[Date "2019.10.04"]
[Round "3.1"]
[White "Kelecevic, Mladen"]
[Black "Ninkovic, Marko"]
[Result "1-0"]
[WhiteElo "2280"]
[BlackElo "1692"]
[PlyCount "109"]
[EventDate "2019.10.03"]
[EventType "schev"]
[EventRounds "8"]
[EventCountry "BIH"]
[SourceTitle "EXT 2020"]
[Source "ChessBase"]
[SourceDate "2019.10.17"]
[SourceVersion "1"]
[SourceVersionDate "2019.10.17"]
[SourceQuality "1"]
[WhiteTeam "Seniors"]
[BlackTeam "Kadeti"]
[WhiteTeamCountry "BIH"]
[BlackTeamCountry "BIH"]

1. e4 c5 2. Nf3 d6 3. d3 Nc6 4. g3 Nf6 5. Bg2 e5 6. 0-0 Be7 7. c3 Bg4 8. h3 Bh5 9. g4 Bg6 10. Nh4 Qd7 11. a3 d5 12. Nf5 Bxf5 13. exf5 h6 14. Re1 0-0-0 15. b4 Bd6 16. Nd2 g6 17. fxg6 fxg6 18. bxc5 Bxc5 19. d4 Bd6 20. Qa4 exd4 21. cxd4 Rhe8 22. Rxe8 Rxe8 23. Nf3 h5 24. g5 Ne4 25. Be3 Kb8 26. Nd2 Qf5 27. Nxe4 dxe4 28. d5 Qxd5 29. Bxa7+ Kc7 30. Be3 Qa5 31. Qc2 Qe5 32. Rb1 Rb8 33. Qxe4 Qxe4 34. Bxe4 Bxa3 35. Bxg6 h4 36. Bb6+ Kd7 37. Bf5+ Kd6 38. Be4 Rg8 39. Be3 Ke5 40. f3 Rg7 41. Rb5+ Ke6 42. Bf5+ Kd6 43. Bf4+ Ke7 44. Rxb7+ Kf8 45. Rxg7 Kxg7 46. Be4 Bc5+ 47. Kg2 Ne7 48. Be5+ Kf7 49. f4 Ng6 50. Bc7 Nf8 51. Kf3 Ne6 52. Be5 Ng7 53. Kg4 Bf2 54. Bd5+ Kf8 55. f5 1-0

[Event "Banja Luka Challenge 1"]
[Site "Banja Luka"]
[Date "2019.10.03"]
[Round "2.2"]
[White "Ninkovic, Marko"]
[Black "Talic, Miro"]
[Result "1/2-1/2"]
[WhiteElo "1692"]
[BlackElo "2163"]
[PlyCount "48"]
[EventDate "2019.10.03"]
[EventType "schev"]
[EventRounds "8"]
[EventCountry "BIH"]
[SourceTitle "EXT 2020"]
[Source "ChessBase"]
[SourceDate "2019.10.17"]
[SourceVersion "1"]
[SourceVersionDate "2019.10.17"]
[SourceQuality "1"]
[WhiteTeam "Kadeti"]
[BlackTeam "Seniors"]
[WhiteTeamCountry "BIH"]
[BlackTeamCountry "BIH"]

1. e4 c5 2. Nf3 e6 3. d4 cxd4 4. Nxd4 a6 5. Nc3 Qc7 6. Be2 Bb4 7. Bd2 Nf6 8. Bd3 Nc6 9. Nxc6 dxc6 10. a3 Bc5 11. 0-0 e5 12. h3 Be6 13. Qe2 h6 14. Kh1 g5 15. b4 Bd4 16. Rad1 b5 17. Qf3 Qe7 18. Qg3 Nh5 19. Qf3 g4 20. hxg4 Qh4+ 21. Qh3 Qxg4 22. Qxg4 Bxg4 23. Ne2 Bxe2 24. Bxe2 Nf6 1/2-1/2